Japonská ekonomika naďalej zápasí s problémami
Súčasná politická a hospodárska situácia v Japonsku. Pretrvávanie problémov napriek uskutočneným reformám. Zlé úvery v japonskom bankovom sektore. Prepúšťanie zamestnancov v niektorých veľkých spoločnostiach. Tlak investorov na zosilnenie reforiem. Perspektíva vývoja japonskej ekonomiky.
Na minha lista:
| Autor principal: | |
|---|---|
| Formato: | Capítulo de Livro |
| Idioma: | eslovaco |
| Assuntos: | |
| Tags: |
Sem tags, seja o primeiro a adicionar uma tag!
|
MARC
| LEADER | 00000naa a2200000 4500 | ||
|---|---|---|---|
| 001 | r032579 | ||
| 005 | 20230921084051.8 | ||
| 041 | 0 | |a slo | |
| 044 | |a SK | ||
| 245 | 1 | 0 | |a Japonská ekonomika naďalej zápasí s problémami |c Cong Ai Nguyen |
| 520 | |a Súčasná politická a hospodárska situácia v Japonsku. Pretrvávanie problémov napriek uskutočneným reformám. Zlé úvery v japonskom bankovom sektore. Prepúšťanie zamestnancov v niektorých veľkých spoločnostiach. Tlak investorov na zosilnenie reforiem. Perspektíva vývoja japonskej ekonomiky. | ||
| 610 | 2 | 0 | |a vývoj hospodársky |
| 610 | 2 | 0 | |a situácia hospodárska |
| 610 | 2 | 0 | |a reformy |
| 610 | 2 | 0 | |a bankovníctvo |
| 610 | 2 | 0 | |a úver |
| 610 | 2 | 0 | |a investori |
| 610 | 2 | 0 | |a prepúšťanie pracovníkov |
| 610 | 2 | 0 | |a Japonsko |
| 100 | 1 | |a Nguyen Cong Ai | |